Countries with land in another continent - Statistics

General Stats
  • This quiz has been taken 33 times
  • The average score is 16 of 23
Answer Stats
Number of continents Answer % Correct
2 Netherlands
96%
7 United Kingdom
96%
2 United States
96%
6 France
93%
2 Russia
93%
2 Spain
89%
2 Indonesia
85%
2 Portugal
85%
2 Turkey
81%
3 Australia
78%
2 Denmark
78%
2 Argentina
63%
2 Japan
63%
2 New Zealand
63%
2 Chile
59%
2 Egypt
59%
2 Italy
59%
2 Norway
59%
2 Colombia
48%
2 Greece
44%
2 South Africa
33%
2 Venezuela
33%
2 Yemen
30%
No matching quizzes found
Score Distribution
Percent of People with Each Score
Percentile by Number Answered
Your Score History
You have not taken this quiz